00637nam a22002057a 450000500170000001000250001702000260004203500130006803500170008103500130009803700230011103700130013408200110014710000190015824500760017726000330025327000650028630000300035150000500038120170809152817.0 a1516EN07 ENG-114871 a9780143424574c599.00 aEN-98403 aB-605961-978 aB-664991 adplbBlueberry/Ven bDBAD/PUB a954.01 aEraly, Abraham aThe first spring: cby Abraham Eralyblife in the golden age of India / bPenguin Booksc2014aGurgaon a7th Floor, Infinity Tower C, DLF Cyber CitybGurgaone122002 aPt.1(xv,501p.)c24cm(pbk) aIncludes bibliographical references and index